| 000 | 00712nam a22001575i 4500 | ||
|---|---|---|---|
| 001 | 173788 | ||
| 003 | ES-MaACL | ||
| 005 | 20231228063257.0 | ||
| 008 | 100119s1841 sp |||| | spa d | ||
| 100 | 1 |
_aGil y Zárate, Antonio, _d1793-1861 _956804 |
|
| 245 | 1 | 0 |
_aDon Trifón ó todo por el dinero _b: comedia en cuatro actos / _cpor Antonio Gil de Zárate. |
| 260 |
_aMadrid : _b[Galería Dramática de Delgado hermanos], _c1841 ( _fImp. de Repullés) |
||
| 300 |
_a86 p. ; _c18 cm. |
||
| 852 |
_aES-MaACL _jB-8605(5) _z.- Enc. pasta española _q.- Falto de la cub. original _z.- Enc. en un vol. facticio formando parte de la col. facticia "Teatro español moderno", vol. 60 |
||
| 999 |
_c173788 _d173788 |
||